Quizzes
Events
Quiz Creation
Community
Videos
Private Events
Remove Ads
Sign In
Join for FREE
Feedback
Dark Mode
Quiz Categories
Sports
Geography
Music
Movies
Television
Just For Fun
Miscellaneous
History
Literature
Language
Science
Gaming
Entertainment
Religion
Holiday
For Kids
Quiz Lab
Recent
Popular Today
Quiz Kudos Today
Editor Picks
Curator Picks
Quizzes by...
Day
Popularity
Type
Ratings
Length
Year
Community
Subscriptions
Recent Discussions
Orange Saloon
Badges
Playlists
Quests
Create
Leaderboards
Showdown
Live 5
Trivia Bingo
Activity
Puzzle Library
Sporcle Events
Private Events
Virtual Trivia
Globe League
Become a Host
Pub Owners
SporcleCon
Opinionation
Our Games
Videos
Blog
Mobile Apps
Partnerships
Remove Ads and Go Orange
Feedback
Geography
Country
Landmarks
City
State
Population
World
Capital
Continent
Flags
Europe
Africa
Asia
South America
North America
Oceania
Border
Canada
United Kingdom
Topography
United States
Geography
Country
Landmarks
City
State
Population
World
Capital
Continent
Flags
Europe
Africa
Asia
South America
North America
Oceania
Border
Canada
United Kingdom
Topography
United States
Random Quiz
Search Sporcle
×
Quiz Lab
Quiz Lab
Geography
City
Type in answers that appear in a list
Type in answers that appear in a list
Classic
Best Score? Go Orange.
200 Cities of Sweden Stats
Can you name the 200 Biggest Cities of Sweden?
By
Hunter44
20m
200 Questions
3,070 Plays
3,070 Plays
3,070 Plays
Comments
Comments
Give Quiz Kudos
Give Quiz Kudos
-
- Ratings
hide this ad
Replay
Link that replays current quiz
Next Quiz
Link to next quiz in quiz playlist
You Got
0%
They Got
Avg Score
44%
Avg Friend Score
Upgrade to see
Score Distribution
Jump to the score distribution portion of the page
Score
0/200
Timer
20:00
1
Play Today
City
% Correct
Stockholm
96.9%
Malmö
96.3%
Göteberg
94.8%
Uppsala
92%
Linköping
87.7%
Umeå
87.6%
Norrköping
86.9%
Jönköping
86.4%
Luleå
86.3%
Örebro
86.1%
Helsingborg
85.3%
Lund
84.4%
Västerås
82.5%
Karlstad
82.3%
Gävle
80.7%
Kiruna
78.8%
Halmstad
78.2%
Kalmar
78.1%
Växjö
77.9%
Sundsvall
76.9%
Borås
76.5%
Södertälje
76.2%
Visby
74.7%
Östersund
73.6%
Eskilstuna
73.2%
Ystad
71.8%
Karlskrona
71.5%
Falun
70.5%
Piteå
68.7%
Mora
68.2%
Borlänge
66.8%
Kristianstad
66.7%
Skellefteå
66.5%
Trollhättan
65.8%
Trelleborg
65%
Lidköping
63.6%
Köping
63.4%
Nyköping
62.6%
Falkenberg
61.1%
Örnsköldsvik
60.7%
Norrtälje
60.3%
Uddevalla
59.9%
Varberg
59.8%
Oskarshamn
57.9%
Huddinge
56.9%
Landskrona
56.5%
Motala
56.1%
Enköping
56.1%
Västervik
55.9%
Åmål
55.7%
Skövde
55.6%
Mariestad
55.4%
Karlshamn
55%
Täby
53.8%
Kungsbacka
53.2%
Karlskoga
52.7%
Hudiksvall
52.5%
Boden
51.2%
Söderköping
51.1%
Ängelholm
50.8%
Sandviken
50.7%
Sollentuna
50.7%
Falköping
49.8%
Leksand
48.9%
Arvika
48.4%
Avesta
48.3%
Upplands-Väsby
48.2%
City
% Correct
Alingsås
47.6%
Vänersborg
47.5%
Nynäshamn
47%
Sala
47%
Katrineholm
46.9%
Lidingö
46.7%
Skara
46.5%
Simrishamn
46.4%
Sollefteå
46.4%
Ludvika
46.3%
Hässleholm
46.2%
Kristinehamn
46%
Nacka
45.9%
Ronneby
45.8%
Söderhamn
45.6%
Strömstad
45.3%
Arboga
45.2%
Gällivare
45.2%
Bollnäs
45%
Vimmerby
44.8%
Kungälv
44.7%
Värnamo
44.7%
Kalix
44.6%
Mölndal
44.6%
Vetlanda
44.6%
Mjölby
42.2%
Vallentuna
42.2%
Nässjö
42.1%
Härnösand
42%
Kista
41.4%
Sigtuna
41.4%
Alvesta
41.3%
Kumla
40.3%
Ulricehamn
40.2%
Orsa
40.1%
Filipstad
39.7%
Eslöv
38.6%
Ljungby
38.6%
Säffle
38.6%
Sölvesborg
38.5%
Höör
38%
Laholm
37.9%
Märsta
37.4%
Hjo
37.2%
Sunne
36.9%
Partille
36.9%
Timrå
36.7%
Lysekil
36.3%
Sundbyberg
35.9%
Flen
35.7%
Fagersta
35.4%
Tumba
35.4%
Eksjö
35.1%
Malung
34.5%
Vaxholm
34.5%
Strängnäs
34%
Åkersberga
33.7%
Degerfors
33.6%
Tranås
33.4%
Åtvidaberg
33.2%
Nybro
32.8%
Ljusdal
32.6%
Lycksele
32.5%
Hallsberg
32.1%
Hedemora
31.9%
Oxelösund
31.6%
Nora
30.7%
City
% Correct
Kinna
30.7%
Lerum
30.4%
Hagfors
30.4%
Tomelilla
30.1%
Hallstahammar
30.1%
Vadstena
29.9%
Älmhult
29.7%
Tierp
29.6%
Emmaboda
29.2%
Kramfors
29.1%
Gnesta
29.1%
Grums
29%
Ekerö
28.8%
Bålsta
28.7%
Malmberget
28.2%
Höganäs
27.3%
Mölnlycke
27.3%
Stenungsund
27.3%
Gislaved
27.3%
Lomma
27.3%
Lindesberg
27.1%
Kil
26.6%
Osby
26.4%
Staffanstorp
26.2%
Finspång
25.7%
Hörby
25.6%
Salem
25.6%
Hofors
25.4%
Västerhaninge
25.3%
Bromölla
25.2%
Gustavsberg
24.5%
Surahammar
24.4%
Lilla Edet
24.3%
Olofström
24.2%
Hultsfred
24.2%
Åhus
24.2%
Tidaholm
24.2%
Klippan
24.1%
Kungsängen
23.7%
Vellinge
23.5%
Bollebygd
23.3%
Tibro
22.9%
Kungsör
22.7%
Sävsjö
22.7%
Sjöbo
22.4%
Majorna
22.1%
Hällefors
21.5%
Skurup
21.4%
Bjuv
21.2%
Jakobsberg
21%
Älvsbyn
20.9%
Djursholm
20.5%
Svedala
20.3%
Forshaga
20.2%
Habo
20%
Perstorp
18.9%
Vårgårda
18.9%
Åstorp
18.5%
Handen
18.3%
Kävlinge
18%
Smedjebacken
18%
Arlöv
16.7%
Skoghall
16.6%
Lindome
15.1%
Skutskär
15%
Holmsund
13.8%
Quiz Playlist
Details
Report
Send in Message
Add To Playlist
Classic:
Type in answers that appear in a list
Last Updated: Feb 16, 2017
Quiz Scoreboard
CHALLENGE
Sign Up to Join the Scoreboard
Show All
Scores
Hide
Comments
May contain spoilers
Recently Published
Movies - When Are They Set?
by FPL_Elf
Movies
5m
Popular People in 1961
by mucciniale
History
6m
1-10 Letter E Words III
by El_Dandy
Language
2m
More to Explore
Quiz From the Vault
Featured Blog Post
Where Did the Easter Bunny Come From?
hide this ad
You Might Also Like...
Tags
City Quiz
200
biggest
Sweden
Today's Top Quizzes in Geography
Browse Geography
hide this ad
Today's Top Quizzes in City
Browse City
Top Contributed Quizzes in Geography
1
Countries of the World - No Outlines Minefield
2
Top 25 Cities of France on a map
3
Closest Countries to UK A-Z
4
One Thing in Common: United Kingdom
5
Blind Secret Country CLXXXVIII
6
Blind Ultimate Minefield: USA
7
African Flag Reveal XLV
8
Find the US States - No Outlines
9
One Thing in Common: Asia
10
Find the Provinces of Canada - No Outlines Minefield
Explore More
Trending Topics
Kpop
NBA
Anime
Marvel
Harry Potter
Disney
Crossword
WWE
Country
Pokémon
Puzzle
The Office
NFL
Song
Soccer
hide this ad
More By:
Hunter44
Quiz
Plays
Rating
Category
Featured
Created
200 Cities of Denmark
6,012
3.00
Geography
Jun 5, 2010
200 Cities of Hungary
3,517
4.36
Geography
Jun 5, 2010
200 Cities of Sweden
3,070
3.33
Geography
Jun 5, 2010
10 Cities per Country 1
1,573
3.26
Geography
Jun 6, 2010
10 Cities per Country 2
841
4.33
Geography
Jun 6, 2010
Go to Creator's Profile
Score Distribution
Quiz Creator Spotlight
Hunter44
Follow
Send a Message
Quizzes Created
-
Created Quiz Play Count
-
More By This Creator
Popular Quizzes Today
1
Find the Countries of Europe - No Outlines Minefield
2
Find the US States - No Outlines Minefield
3
The Countries of the World
4
Popular People in 1961
5
US States
6
1-10 Letter E Words III
7
Find the US States
8
One Thing in Common: World Cities II
More Geography Quizzes
Google Maps Quick Facts: Algeria
Quiz Lab
Trending Quizzes
Risky Map Clicking: Least Populous States A-Z
1-10 Letter F Words
Humor Books: The Subtitles
1-10 Letter G Words
One Thing in Common: United Kingdom
Recently Updated
Leaping Animals
pecheneg
Reality TV Shows (A-Z)
bhenderson79
Rickey Henderson's Hall of Fame Teammates
pecheneg
Champions League XIs: Arsenal
pecheneg
Quick Pick: Celebrities in WWE's Hall of Fame
aduchscher
A-Z Keypad Blitz II
pecheneg
Multiple Oscar Actors
pecheneg
Mystery Phrase Blitz: Oscar 'Best Actors'
pecheneg
F. Scott Fitzgerald Novels
LTH
Pick 3 Villains
ddd62291
Trending Topics
Harry Potter
Disney
Kpop
Anime
NBA
Crossword
Marvel
The Office
Pokémon
Puzzle
Soccer
WWE
Song
NFL
Country
Your Account Isn't Verified!
In order to create a playlist on Sporcle, you need to verify the email address you used during registration. Go to your
Sporcle Settings
to finish the process.
Report this User
Report this user for behavior that violates our
Community Guidelines
.
Details:
Send Report
Go to the Sporcle.com Mobile Site →
Comments